[Event "33rd Zalakaros Open 2014"]
[Site "Zalakaros HUN"]
[Date "2014.05.28"]
[Round "6.31"]
[White "Terbe, Julianna"]
[Black "Gara, Ticia"]
[Result "0-1"]
[BlackTitle "WGM"]
[WhiteElo "2130"]
[BlackElo "2338"]
[WhiteFideId "708780"]
[BlackFideId "717444"]
[EventDate "2014.05.23"]

1. e4 c5 2. c3 g6 3. d4 cxd4 4. cxd4 d5 5. e5 Nc6 6. Nc3 Bg7 7. h3 e6 8. Nf3
Nge7 9. Bg5 h6 10. Be3 Nf5 11. Rc1 O-O 12. Be2 f6 13. exf6 Qxf6 14. Nb5 a6 15.
Nc7 Ra7 16. Nxa6 Ncxd4 17. Nxd4 Nxe3 18. fxe3 Qh4+ 19. Kd2 bxa6 20. Qe1 Qg5 21.
h4 Qe5 22. Rc2 Bd7 23. Bd3 Qd6 24. Nb3 e5 25. Kc1 e4 26. Be2 Ba4 27. Kb1 Qb4 28.
Qg3 Kh7 29. Bd1 Bxb3 30. axb3 Raf7 31. Re1 Rf1 32. Rce2 d4 33. exd4 Qxd4 34. Qc3
Rxe1 35. Qxd4 Rxe2 36. Qc4 Rxb2+ 37. Kc1 Rxg2 38. h5 Re8 39. hxg6+ Rxg6 40. Bc2
Rge6 41. Qe2 Bf6 42. Qg4 Bg5+ 43. Kd1 Kg7 44. Qf5 Re5 45. Qd7+ R8e7 46. Qd4 Bf6
47. Qc4 R5e6 48. Ke2 h5 49. b4 h4 50. b5 axb5 51. Qxb5 Re5 52. Qb3 Rc5 53. Qa4
h3 54. Kf1 e3 55. Bd3 Rc1+ 56. Ke2 h2 57. Be4 Rxe4 58. Qxe4 h1=Q 59. Qg4+ Kf8
60. Qb4+ Kg7 61. Qg4+ Kf8 62. Qb4+ Ke8 63. Qb8+ Kd7 64. Qb5+ Qc6 65. Qf5+ Kc7
66. Qa5+ Qb6 0-1

[Event "33rd Zalakaros Open 2014"]
[Site "Zalakaros HUN"]
[Date "2014.05.28"]
[Round "6.32"]
[White "Boguszlavszkij, Jevgenyij"]
[Black "Erdos, Boglarka"]
[Result "1-0"]
[WhiteTitle "IM"]
[WhiteElo "2217"]
[BlackElo "2185"]
[WhiteFideId "700614"]
[BlackFideId "727458"]
[EventDate "2014.05.23"]

1. d4 Nf6 2. g3 d5 3. Bg2 c6 4. c3 Bf5 5. f3 h6 6. Nh3 Nbd7 7. Nf2 e5 8. e4 dxe4
9. fxe4 Bg6 10. O-O Be7 11. Nd2 O-O 12. Nc4 exd4 13. cxd4 Nb6 14. Ne5 Bh7 15.
Kh1 a5 16. Be3 a4 17. Rc1 Nc8 18. Ned3 a3 19. b3 Qd7 20. Qc2 Na7 21. Nf4 Nb5 22.
Rfd1 Bb4 23. Qc4 Qe7 24. N4d3 Ba5 25. e5 Nd7 26. b4 Bb6 27. Nc5 Bxc5 28. bxc5
Bf5 29. Bf4 Nc7 30. Ne4 Nd5 31. Nd6 Be6 32. Qe2 Nxf4 33. gxf4 Ra7 34. f5 Bd5 35.
Bxd5 cxd5 36. Qg2 Qh4 37. Rg1 Qg5 38. Qxd5 Qd2 39. f6 g5 40. Nf5 b5 41. Nxh6+ 1-0

[Event "33rd Zalakaros Open 2014"]
[Site "Zalakaros HUN"]
[Date "2014.05.28"]
[Round "6.33"]
[White "Dankhazi, Andras"]
[Black "Meszaros, Tamas"]
[Result "0-1"]
[BlackTitle "IM"]
[WhiteElo "2203"]
[BlackElo "2438"]
[WhiteFideId "714267"]
[BlackFideId "717410"]
[EventDate "2014.05.23"]

1. d4 Nf6 2. c4 g6 3. Nc3 Bg7 4. e4 d6 5. Be2 O-O 6. Nf3 e5 7. dxe5 dxe5 8. Qxd8
Rxd8 9. Bg5 c6 10. Nxe5 Re8 11. Rd1 Na6 12. Nf3 Nc5 13. e5 Ng4 14. Bf4 Bf5 15.
O-O Nxe5 16. Nxe5 Bxe5 17. Bxe5 Rxe5 18. Rd2 a5 19. Rfd1 Ra6 20. f4 Re7 21. Kf2
Kg7 22. Rd6 Rb6 23. b3 Rb4 24. g3 a4 25. bxa4 Rxe2+ 26. Nxe2 Ne4+ 27. Ke3 Nxd6
28. Rxd6 Rxa4 29. c5 Ra3+ 30. Kf2 Rxa2 31. Kf3 Ra3+ 32. Kf2 Ra2 33. Kf3 Rc2 34.
h4 h5 35. Nd4 Rxc5 36. Nxf5+ Rxf5 37. Ke4 Rd5 0-1

[Event "33rd Zalakaros Open 2014"]
[Site "Zalakaros HUN"]
[Date "2014.05.28"]
[Round "6.34"]
[White "Kantor, Gergely"]
[Black "Hrbolka, Ladislav"]
[Result "1/2-1/2"]
[WhiteTitle "FM"]
[BlackTitle "FM"]
[WhiteElo "2380"]
[BlackElo "2110"]
[WhiteFideId "751499"]
[BlackFideId "300772"]
[EventDate "2014.05.23"]

1. d4 Nf6 2. c4 Nc6 3. Nf3 e6 4. Nc3 Bb4 5. Qc2 d6 6. Bg5 h6 7. Bd2 Qe7 8. a3
Bxc3 9. Bxc3 a5 10. e4 e5 11. d5 Nb8 12. b4 axb4 13. axb4 Rxa1+ 14. Bxa1 O-O 15.
Be2 Nh7 16. O-O f5 17. exf5 Bxf5 18. Qc3 Nd7 19. Qe3 Qd8 20. Bc3 Nhf6 21. Nd2 b5
22. f4 exf4 23. Qxf4 Bg6 24. Qd4 Qe7 25. Bf3 Re8 26. cxb5 Nb6 27. Nb3 Kh7 28.
Re1 Qd7 29. Rxe8 Qxe8 1/2-1/2

[Event "33rd Zalakaros Open 2014"]
[Site "Zalakaros HUN"]
[Date "2014.05.29"]
[Round "7.1"]
[White "Kovchan, Alexander"]
[Black "Jones, Gawain C B"]
[Result "1/2-1/2"]
[WhiteTitle "GM"]
[BlackTitle "GM"]
[WhiteElo "2558"]
[BlackElo "2645"]
[WhiteFideId "14103052"]
[BlackFideId "409561"]
[EventDate "2014.05.23"]

1. e4 c5 2. Nf3 d6 3. d4 cxd4 4. Nxd4 Nf6 5. Nc3 g6 6. Be2 Bg7 7. O-O Nc6 8. Be3
O-O 9. Qd2 d5 10. Rfd1 Nxd4 11. Qxd4 Nxe4 12. Qxd5 Nd6 13. Qb3 Be6 14. Nd5 Nf5
15. Bf3 Nxe3 16. Qxe3 Bxd5 17. Rxd5 Qc7 18. c3 b6 19. Rad1 Rad8 20. Rxd8 1/2-1/2

[Event "33rd Zalakaros Open 2014"]
[Site "Zalakaros HUN"]
[Date "2014.05.29"]
[Round "7.2"]
[White "Kovalenko, Igor"]
[Black "Berkes, Ferenc"]
[Result "1-0"]
[WhiteTitle "GM"]
[BlackTitle "GM"]
[WhiteElo "2611"]
[BlackElo "2665"]
[WhiteFideId "14117908"]
[BlackFideId "718572"]
[EventDate "2014.05.23"]

1. d4 Nf6 2. c4 e6 3. Nf3 b6 4. g3 Bb7 5. Bg2 Be7 6. O-O O-O 7. Nc3 Ne4 8. Bd2
Bf6 9. Ne5 Nxc3 10. Bxc3 Bxg2 11. Kxg2 c5 12. dxc5 bxc5 13. Qd6 Qb6 14. Rad1
Qxd6 15. Rxd6 Be7 16. Rd2 d6 17. Nd3 Nc6 18. e4 Rfd8 19. Rfd1 Kf8 20. f4 Rac8
21. b3 Bf6 22. e5 Be7 23. exd6 Rxd6 24. Nb2 Rcd8 25. Rxd6 Rxd6 26. Rxd6 Bxd6 27.
Nd3 f6 28. Kf3 Ke7 29. Bd2 Nb8 30. Be3 Nd7 31. b4 a6 32. b5 Kd8 33. a4 Kc7 34.
a5 Kb7 35. Ke2 h5 36. Bd2 g6 37. Bc3 Ka7 38. Kf3 Kb7 39. h3 Ka7 40. g4 hxg4+ 41.
hxg4 Kb7 42. Nb2 Ka7 43. Nd3 Kb7 44. Ke3 Ka7 45. Ne1 f5 46. gxf5 gxf5 47. Nf3
Kb7 48. Nh4 Be7 49. Ng6 Bd8 50. Kd3 Ka7 51. Nh8 Kb7 52. Nf7 Be7 53. Ke3 Ka7 54.
Ng5 e5 55. Nf7 exf4+ 56. Kxf4 axb5 57. cxb5 Nb6 58. Kxf5 Na4 59. Be1 Bf8 60. Ne5
Bg7 61. Nc4 Bc3 62. b6+ Kb7 63. Nd6+ Ka6 64. b7 Ka7 65. a6 Bxe1 66. Nc8+ Kb8 67.
Ne7 Kc7 68. Nc6 1-0

[Event "33rd Zalakaros Open 2014"]
[Site "Zalakaros HUN"]
[Date "2014.05.29"]
[Round "7.3"]
[White "Beliavsky, Alexander G"]
[Black "Bachmann, Axel"]
[Result "1/2-1/2"]
[WhiteTitle "GM"]
[BlackTitle "GM"]
[WhiteElo "2620"]
[BlackElo "2589"]
[WhiteFideId "14602377"]
[BlackFideId "3700488"]
[EventDate "2014.05.23"]

1. d4 d5 2. c4 e6 3. Nf3 c6 4. Bg5 Be7 5. Bxe7 Qxe7 6. e3 Nf6 7. Nc3 O-O 8. Rc1
Nbd7 9. cxd5 exd5 10. Qc2 Ne4 11. Nxe4 dxe4 12. Nd2 Re8 13. Be2 Qg5 14. O-O Nf6
15. Rfe1 h5 16. Bf1 h4 17. b4 Bf5 18. Qb2 a6 19. a4 Re6 20. b5 axb5 21. axb5
Rae8 22. bxc6 bxc6 23. Qb7 Bh3 24. f4 Qg6 25. Rxc6 Bxg2 26. Bxg2 h3 27. Re2 Rxc6
28. Qxc6 Qg4 29. Qa6 Rc8 30. Nf1 Rc1 31. Rb2 Re1 32. Qa5 Rb1 33. Qd2 Ra1 34. Qe2
hxg2 35. Qxg2 Qh5 36. h3 g6 37. Kh2 Re1 38. Rf2 Qh4 39. Rb2 Rxf1 40. Qxf1 Ng4+
41. Kg1 Nxe3 42. Qf2 Qxh3 43. Re2 Qg4+ 44. Kh2 Qh5+ 45. Kg1 Qg4+ 46. Kh2 Qh5+
47. Kg1 Qg4+ 1/2-1/2

[Event "33rd Zalakaros Open 2014"]
[Site "Zalakaros HUN"]
[Date "2014.05.29"]
[Round "7.4"]
[White "Onischuk, Vladimir"]
[Black "Gonda, Laszlo"]
[Result "1-0"]
[WhiteTitle "GM"]
[BlackTitle "GM"]
[WhiteElo "2594"]
[BlackElo "2563"]
[WhiteFideId "14114038"]
[BlackFideId "720852"]
[EventDate "2014.05.23"]

1. e4 e5 2. Nf3 Nc6 3. Bc4 Bc5 4. c3 Nf6 5. d3 a6 6. Nbd2 O-O 7. O-O Ba7 8. Bb3
d6 9. h3 Nh5 10. Nc4 Qf6 11. Ne3 Nf4 12. Ng4 Qg6 13. Bxf4 exf4 14. d4 Bxg4 15.
hxg4 Qxg4 16. Re1 Ne7 17. Qd3 Rad8 18. a4 Ng6 19. Bc2 Rfe8 20. b4 Re6 21. Bb3
Rf6 22. b5 Ne5 23. Nh2 Nxd3 24. Nxg4 Rg6 25. Red1 Nb2 26. Rd2 Nxa4 27. Rxa4 Rxg4
28. Bd5 Bb6 29. bxa6 bxa6 30. Rxa6 Kf8 31. Rda2 Ke7 32. Ra8 Rxa8 33. Rxa8 f3 34.
g3 h5 35. Kh2 Rg5 36. Kh3 c6 37. Bxc6 Ra5 38. Rb8 Bd8 39. Bd5 Ra1 40. Rb7+ Ke8
41. Bxf7+ Kf8 42. Bxh5 Rh1+ 43. Kg4 Bf6 44. Bg6 Rc1 45. Rf7+ 1-0

[Event "33rd Zalakaros Open 2014"]
[Site "Zalakaros HUN"]
[Date "2014.05.29"]
[Round "7.5"]
[White "Papp, Gabor1"]
[Black "Antal, Gergely"]
[Result "0-1"]
[WhiteTitle "GM"]
[BlackTitle "GM"]
[WhiteElo "2580"]
[BlackElo "2529"]
[WhiteFideId "718602"]
[BlackFideId "717312"]
[EventDate "2014.05.23"]

1. e4 d5 2. exd5 Qxd5 3. Nc3 Qd6 4. d4 Nf6 5. Nf3 c6 6. Be2 g6 7. O-O Bg7 8. Ne5
O-O 9. Bf4 Nd5 10. Ne4 Qd8 11. Bg3 Nd7 12. Nxd7 Bxd7 13. Nc5 Bf5 14. c3 Qb6 15.
Na4 Qa5 16. Nc5 Qb6 17. Na4 Qa5 18. Bf3 e5 19. dxe5 Rfd8 20. b4 Qc7 21. Qe1 a5
22. Nc5 Qe7 23. a3 b6 24. Nb3 Bd3 25. Nd4 Qe8 26. Be2 Bxe2 27. Qxe2 Nxc3 28. Qc4
Rxd4 29. Qxc3 Qd7 30. Rac1 axb4 31. axb4 Rc8 32. Rfe1 Bh6 33. Rb1 Bd2 34. Qf3
Bxe1 35. Rxe1 Qd5 0-1

[Event "33rd Zalakaros Open 2014"]
[Site "Zalakaros HUN"]
[Date "2014.05.29"]
[Round "7.6"]
[White "Horvath, Adam1"]
[Black "Czebe, Attila"]
[Result "1/2-1/2"]
[WhiteTitle "GM"]
[BlackTitle "GM"]
[WhiteElo "2531"]
[BlackElo "2409"]
[WhiteFideId "708003"]
[BlackFideId "705268"]
[EventDate "2014.05.23"]

1. e4 d6 2. d4 Nf6 3. Nc3 e5 4. Nf3 Nbd7 5. Bc4 Be7 6. a4 O-O 7. O-O a6 8. Re1
b6 9. h3 Bb7 10. d5 Kh8 11. Be3 Ng8 12. Qd2 g6 13. Nh2 f5 14. exf5 gxf5 15. f4
Bf6 16. Nf3 Ne7 17. fxe5 Nxe5 18. Be2 Nxf3+ 19. Bxf3 Ng6 20. Bh5 Ne5 21. Bd4 Qd7
22. Rf1 Qg7 23. Kh1 Nc4 24. Bxf6 Qxf6 25. Qf4 Ne5 26. Rf2 Qg7 27. Raf1 Rf6 28.
Ne4 Rff8 29. Nc3 Rf6 30. Ne4 Rff8 31. Nc3 Rf6 32. Ne4 Rff8 33. Nc3 1/2-1/2

[Event "33rd Zalakaros Open 2014"]
[Site "Zalakaros HUN"]
[Date "2014.05.29"]
[Round "7.7"]
[White "Baumegger, Siegfried"]
[Black "Horvath, Jozsef1"]
[Result "1-0"]
[WhiteTitle "IM"]
[BlackTitle "GM"]
[WhiteElo "2469"]
[BlackElo "2507"]
[WhiteFideId "1602829"]
[BlackFideId "700061"]
[EventDate "2014.05.23"]

1. d4 d6 2. e4 Nf6 3. Nc3 c6 4. f4 Qa5 5. Bd3 e5 6. Nf3 exd4 7. Nxd4 g6 8. Nf3
Bg7 9. O-O O-O 10. Qe1 Na6 11. Qh4 Qh5 12. Qg3 Nc5 13. Bd2 Re8 14. Rae1 Bg4 15.
Nh4 d5 16. h3 Bd7 17. e5 d4 18. Nd1 Nxd3 19. cxd3 Nd5 20. Nf3 c5 21. Nf2 f5 22.
exf6 Bxf6 23. Ne4 Be7 24. Qh2 Ne3 25. Bxe3 dxe3 26. Ne5 Rad8 27. Rxe3 Be6 28. g4
Qh6 29. Qg3 Bxa2 30. g5 Qg7 31. Ng4 Kh8 32. Nef6 Rf8 33. Rfe1 Bd6 34. h4 Qc7 35.
Ne5 c4 36. d4 Qb6 37. h5 gxh5 38. Qh3 Rxf6 39. gxf6 Rg8+ 40. Kh2 Bxe5 41. dxe5
c3 42. bxc3 Be6 43. f5 Bc4 44. f7 Bxf7 45. R1e2 Bc4 46. Rg2 Rxg2+ 47. Kxg2 Qb1
48. Qf3 Bb5 49. Qf2 Bc6+ 50. Kg3 Qh1 51. e6 h4+ 52. Kf4 Kg7 53. c4 Qa1 54. Re1
Qc3 55. Rg1+ Kh8 56. Rd1 h3 57. Rd8+ Kg7 58. Qg3+ Qxg3+ 59. Kxg3 a5 60. Kxh3 a4
61. Kg4 b6 62. Rc8 Be4 63. Kf4 Bg2 64. e7 1-0

[Event "33rd Zalakaros Open 2014"]
[Site "Zalakaros HUN"]
[Date "2014.05.29"]
[Round "7.8"]
[White "Nemeth, Miklos1"]
[Black "Rapport, Richard"]
[Result "0-1"]
[WhiteTitle "IM"]
[BlackTitle "GM"]
[WhiteElo "2492"]
[BlackElo "2701"]
[WhiteFideId "720232"]
[BlackFideId "738590"]
[EventDate "2014.05.23"]

1. e4 e6 2. d4 d5 3. Nd2 c5 4. exd5 exd5 5. Bb5+ Nc6 6. Qe2+ Be7 7. dxc5 Nf6 8.
Ngf3 O-O 9. Nb3 Re8 10. O-O Bxc5 11. Qd3 Bb6 12. Bg5 h6 13. Bh4 g5 14. Bg3 Ne4
15. c4 a6 16. Bxc6 bxc6 17. c5 Ba7 18. Nfd4 Bd7 19. Rac1 a5 20. a4 Qf6 21. Bc7
Bc8 22. f3 Nxc5 23. Nxc5 Ba6 24. Qd2 Bc4 25. f4 Bxc5 26. Be5 Qg6 27. f5 Qh5 28.
Rfe1 Qh4 29. g3 Qg4 30. Rcd1 Rxe5 31. Rxe5 Bb3 32. Ree1 Bxd1 33. Rxd1 Re8 0-1

[Event "33rd Zalakaros Open 2014"]
[Site "Zalakaros HUN"]
[Date "2014.05.29"]
[Round "7.9"]
[White "Erdos, Viktor"]
[Black "Berczes, David"]
[Result "1-0"]
[WhiteTitle "GM"]
[BlackTitle "GM"]
[WhiteElo "2651"]
[BlackElo "2482"]
[WhiteFideId "719978"]
[BlackFideId "722960"]
[EventDate "2014.05.23"]

1. Nf3 d5 2. g3 c6 3. Bg2 Bg4 4. h3 Bh5 5. d4 e6 6. c4 Nd7 7. O-O Ngf6 8. cxd5
cxd5 9. Nc3 Bd6 10. Qb3 Qb6 11. Qxb6 Nxb6 12. Nb5 Bb8 13. g4 Bg6 14. Ne5 Nbd7
15. Nxg6 hxg6 16. Bd2 Nb6 17. Rfc1 Kd7 18. Ba5 Ne8 19. b3 Nd6 20. Nc3 Rc8 21. e3
Bc7 22. Ne2 Ne8 23. a4 Kd8 24. Bd2 Nd7 25. e4 dxe4 26. Bxe4 Rab8 27. Bg2 Nb6 28.
Nf4 Nd6 29. Nd3 Nd5 30. Bxd5 exd5 31. Rc5 f6 32. Bf4 Kd7 33. Rac1 b6 34. Rxd5
Rd8 35. Nb4 Rbc8 36. Na6 Ke6 37. Nxc7+ 1-0

[Event "33rd Zalakaros Open 2014"]
[Site "Zalakaros HUN"]
[Date "2014.05.29"]
[Round "7.10"]
[White "Portisch, Lajos"]
[Black "Banusz, Tamas"]
[Result "1/2-1/2"]
[WhiteTitle "GM"]
[BlackTitle "GM"]
[WhiteElo "2464"]
[BlackElo "2609"]
[WhiteFideId "700037"]
[BlackFideId "722413"]

1. d4 d5 2. c4 e6 3. Nf3 Nf6 4. Nc3 c6 5. e3 a6 6. b3 Bb4 7. Bd2 Nbd7 8. Bd3 O-O
9. O-O Qe7 10. Ne2 Bxd2 11. Nxd2 e5 12. Ng3 g6 13. Rc1 Rd8 14. Re1 Nf8 15. dxe5
Qxe5 16. Qc2 Ne6 17. Nf3 Qd6 18. Red1 Qe7 19. cxd5 Nxd5 20. Bc4 Nec7 21. e4 Nb6
22. Rxd8+ Qxd8 23. Be2 Bg4 24. Ne5 Bxe2 25. Nxe2 Ne6 26. Nf3 Qe7 27. Rd1 Re8 28.
Ng3 h5 29. h4 Rd8 30. Rd2 Rd7 31. Qc3 Qc5 32. Qxc5 Nxc5 33. Kf1 Nd3 34. Ne2 a5
35. Nc3 Kf8 36. g3 Ke7 37. Ke2 1/2-1/2

[Event "33rd Zalakaros Open 2014"]
[Site "Zalakaros HUN"]
[Date "2014.05.29"]
[Round "7.12"]
[White "Korpa, Bence"]
[Black "Horvath, Csaba"]
[Result "1-0"]
[WhiteTitle "FM"]
[BlackTitle "GM"]
[WhiteElo "2415"]
[BlackElo "2560"]
[WhiteFideId "706671"]
[BlackFideId "700118"]

1. c4 e6 2. Nf3 d5 3. g3 dxc4 4. Qa4+ Bd7 5. Qxc4 c5 6. Bg2 Bc6 7. O-O Nf6 8. d4
Nbd7 9. Rd1 Rc8 10. Bg5 cxd4 11. Bxf6 gxf6 12. Qxd4 Bc5 13. Qd2 Qb6 14. e3 Bb4
15. Nc3 O-O 16. Rac1 Rfd8 17. Qe2 f5 18. Nd4 Bxg2 19. Kxg2 Bxc3 20. bxc3 Nf6 21.
Rb1 Qc7 22. Nb5 Qc5 23. Rxd8+ Rxd8 24. Nd4 b6 25. Rb3 Rc8 26. Kg1 h6 27. Qf3 Kg7
28. Qf4 Qa5 29. Rb5 Qxa2 30. Rxf5 Qb1+ 31. Kg2 Qe4+ 32. Kh3 Qxf4 33. Rxf4 Nd5
34. Rg4+ Kf8 35. Rh4 Rxc3 36. Rxh6 Kg7 37. Rh4 a5 38. Rg4+ Kf8 39. Rh4 Nf6 40.
Rh8+ Ng8 41. Rh5 Nf6 42. Rh8+ Ke7 43. Rb8 Nd7 44. Rb7 a4 45. Ra7 Rc4 46. Kg2 e5
47. Nf3 f6 48. h4 b5 49. h5 Rc8 50. h6 Ke6 51. Rb7 a3 52. Rxb5 Ra8 53. h7 a2 54.
h8=Q Rxh8 55. Ra5 Kf5 56. Rxa2 Nc5 57. Rc2 Nd3 58. Rc6 Ra8 59. Rd6 e4 60. Nd4+
Kg5 61. Rd5+ Kg6 62. g4 Ne5 63. Kg3 Ra1 64. Ne2 Re1 65. Nf4+ Kf7 66. Nh3 Ke6 67.
Rd4 f5 68. Nf4+ Kf6 69. Rd6+ Kf7 70. gxf5 Rg1+ 71. Kh3 Nf3 72. Ne6 Ke7 73. Ra6
Rg8 74. Nd4 Nxd4 75. exd4 Rg5 76. Re6+ Kf7 77. Rxe4 Rxf5 78. Kg3 Rd5 79. Kf4 Kf6
80. Ke3 Ra5 81. Rh4 Ra1 82. Rh5 Rf1 83. Ra5 Ke6 84. f3 Kd6 85. Ke4 Re1+ 86. Kf5
Rd1 87. d5 Rd2 88. f4 Rf2 89. Kg5 Rf1 90. f5 Ke5 91. d6+ Kxd6 92. Kf6 Kd7 93.
Re5 Kd6 94. Re2 Kd7 95. Kg6 Rg1+ 96. Kf7 Kd6 97. f6 Rf1 98. Kg7 Rg1+ 99. Kf8 Rf1
100. f7 Kd7 101. Re4 Rf2 102. Kg7 Rg2+ 103. Kf6 Rf2+ 104. Kg6 Rf1 105. Re8 Rg1+
106. Kh5 Rh1+ 107. Kg4 1-0

[Event "33rd Zalakaros Open 2014"]
[Site "Zalakaros HUN"]
[Date "2014.05.29"]
[Round "7.13"]
[White "Medvegy, Zoltan"]
[Black "Bokros, Albert"]
[Result "1/2-1/2"]
[WhiteTitle "GM"]
[BlackTitle "IM"]
[WhiteElo "2522"]
[BlackElo "2461"]
[WhiteFideId "708402"]
[BlackFideId "710458"]

1. Nf3 Nf6 2. c4 b6 3. g3 Bb7 4. Bg2 e6 5. d4 Be7 6. Nc3 Ne4 7. Bd2 Bf6 8. O-O
O-O 9. Rc1 c5 10. dxc5 bxc5 11. Qb3 Qb6 12. Rfd1 Rd8 13. Bf4 Nxc3 14. bxc3 Be4
15. Ng5 Bxg2 16. Kxg2 e5 17. Be3 Bxg5 18. Bxg5 f6 19. Be3 d6 20. Rb1 Nd7 21. f3
Qc7 22. a4 Rab8 23. Qa2 Rxb1 24. Rxb1 Qa5 25. Rb7 Nb6 26. Qd2 Qxa4 27. Bxc5 Qxc4
28. Bxb6 axb6 29. Rxb6 d5 30. Rb4 Qc5 31. Qd3 Qc6 32. Rh4 g6 33. Rb4 Kg7 34. Qd2
Rc8 35. Rb3 Rc7 36. Rb8 Qc4 37. Rd8 Qxc3 38. Rd7+ Kf8 39. Rd8+ Kg7 40. Rd7+ Kf8
41. Qh6+ Ke8 42. Rxd5 Qc2 43. Qe3 Qc4 44. Qd2 Kf7 45. Kf2 Kg7 46. h4 Re7 47. Kg2
Ra7 48. Kh3 Qc8+ 49. Kg2 Qc4 50. g4 Re7 51. Rd7 Rxd7 52. Qxd7+ Qf7 53. Qd6 Qc4
54. Kf2 h5 55. Qe7+ Qf7 56. Qc5 Qe6 57. g5 fxg5 58. hxg5 Qf5 59. Qe7+ Kg8 60.
Qe8+ 1/2-1/2

[Event "33rd Zalakaros Open 2014"]
[Site "Zalakaros HUN"]
[Date "2014.05.29"]
[Round "7.14"]
[White "Chernyshov, Konstantin"]
[Black "Seres, Lajos"]
[Result "1/2-1/2"]
[WhiteTitle "GM"]
[BlackTitle "GM"]
[WhiteElo "2508"]
[BlackElo "2435"]
[WhiteFideId "4117328"]
[BlackFideId "701254"]

1. d4 d5 2. Nf3 Nf6 3. g3 c6 4. Bg2 Bf5 5. O-O e6 6. Bg5 Be7 7. c3 h6 8. Bxf6
Bxf6 9. Nbd2 Nd7 10. Re1 O-O 11. e4 Bh7 12. Bf1 Qb6 13. Qb3 Rfd8 14. exd5 cxd5
15. Re3 a6 16. Rae1 Qc6 17. Bd3 Bxd3 18. Rxd3 b5 19. Rde3 a5 20. Ne5 Nxe5 21.
dxe5 Be7 22. Nf3 a4 23. Qd1 b4 24. Nd4 Qc4 25. Qh5 bxc3 26. bxc3 Bc5 27. g4 Bxd4
28. cxd4 Qxd4 29. g5 Qf4 30. Rg3 Qf5 31. Ree3 Rd7 32. Qh4 Kh7 33. gxh6 g6 34.
Rgf3 Qb1+ 35. Kg2 Qb7 36. Rd3 f5 37. exf6 e5 38. Rg3 d4+ 39. Kh3 Rg8 40. Qg5 Qd5
41. Rd2 Rf7 42. Re2 Qe6+ 43. Rg4 Qxf6 44. Qxf6 Rxf6 45. Rxe5 Rxf2 46. Rxd4 Rxa2
47. Ra5 Rb8 48. Ra7+ Kxh6 49. Rh4+ Kg5 50. Rg4+ Kf5 51. Ra5+ Kf6 52. Ra6+ Kf7
53. Ra7+ Kf6 54. Ra6+ Kf7 1/2-1/2

[Event "33rd Zalakaros Open 2014"]
[Site "Zalakaros HUN"]
[Date "2014.05.29"]
[Round "7.15"]
[White "Donchenko, Alexander"]
[Black "Gledura, Benjamin"]
[Result "1/2-1/2"]
[WhiteTitle "IM"]
[BlackTitle "FM"]
[WhiteElo "2498"]
[BlackElo "2395"]
[WhiteFideId "24603295"]
[BlackFideId "712779"]

1. d4 d5 2. c4 c6 3. Nf3 Nf6 4. Qc2 dxc4 5. Qxc4 Bg4 6. Nc3 Nbd7 7. Bf4 e6 8. e4
Be7 9. Be2 O-O 10. O-O Rc8 11. Rfd1 b5 12. Qd3 a6 13. a4 b4 14. Nb1 a5 15. Nbd2
Bh5 16. Nc4 Bg6 17. Nfd2 c5 18. dxc5 Nd5 19. Bg3 Nxc5 20. Qf3 Nf6 21. Qe3 Nfd7
22. Bd6 Bxd6 23. Nxd6 Rc6 24. N2c4 Qc7 25. Nb5 Qb8 26. Nxa5 Ra6 27. Nb3 Qe5 28.
f3 Qxb2 29. Nxc5 Nxc5 30. Qxc5 Qxe2 31. Qxb4 Qe3+ 32. Kh1 h5 33. a5 h4 34. h3
Bh5 35. Ra3 Qe2 36. Rad3 Qf2 37. Qxf8+ Kxf8 38. Rd8+ Ke7 39. e5 Qe1+ 40. Rxe1
Kxd8 41. Nd4 Kd7 42. Nb3 Kc6 43. Rd1 Kb5 44. Rd4 g5 45. Kg1 Ra7 46. Nd2 Rxa5 47.
Ne4 Kc6 48. Nxg5 Rxe5 49. Nh7 Bg6 50. Rxh4 Kd6 51. Nf6 Ke7 52. Ne4 Ra5 53. Nc3
Rc5 54. Ne2 e5 55. Rb4 Bd3 56. Rb2 Kf6 57. Kf2 Kg6 58. g3 f5 59. Rd2 Bb5 60. Ke3
Bxe2 61. Kxe2 Ra5 62. h4 Kh5 63. Rd8 Ra2+ 64. Kf1 Ra1+ 65. Kg2 Ra2+ 66. Kh3 Ra3
67. Rd5 Rxf3 68. Rxe5 Kg6 69. Kg2 Ra3 70. Re6+ Kg7 71. Kf2 Rb3 72. Re3 Rb6 73.
Kf3 Kf6 74. Ra3 Rc6 75. Ra4 Ke5 76. Kg2 Kf6 77. Kh3 Kg6 78. Ra8 Rb6 79. Rg8+ Kf7
80. Rg5 Kf6 81. Rh5 Kg6 82. Rh8 Kg7 83. Ra8 Kg6 84. Ra7 Rc6 85. Kg2 Rc2+ 86. Kf3
Rc3+ 87. Kg2 Rc2+ 88. Kh3 Rc6 89. Ra3 Rb6 90. Kg2 Kf6 91. Kf3 Rc6 92. Ke3 Rb6
93. Kd4 Rb4+ 94. Kd5 Rg4 95. Re3 f4 96. Re6+ Kf7 97. gxf4 Rxf4 98. h5 1/2-1/2

[Event "33rd Zalakaros Open 2014"]
[Site "Zalakaros HUN"]
[Date "2014.05.29"]
[Round "7.16"]
[White "Hoang, Thanh Trang"]
[Black "Csonka, Balazs"]
[Result "0-1"]
[WhiteTitle "GM"]
[BlackTitle "FM"]
[WhiteElo "2509"]
[BlackElo "2361"]
[WhiteFideId "12400149"]
[BlackFideId "742910"]
[EventDate "2014.05.23"]

1. d4 Nf6 2. Bg5 Ne4 3. Bf4 d5 4. e3 c5 5. Bd3 Nf6 6. dxc5 Nc6 7. Nf3 Bg4 8. Bb5
e6 9. b4 a5 10. c3 Nd7 11. Bxc6 bxc6 12. Qc1 Bxf3 13. gxf3 g5 14. Bd6 Bxd6 15.
cxd6 Ne5 16. Ke2 Qxd6 17. a3 c5 18. Nd2 Rd8 19. Qc2 Qa6+ 20. c4 dxc4 21. Qa4+
Ke7 22. Qxa5 Rxd2+ 23. Kxd2 c3+ 24. Kc2 Qe2+ 25. Kb3 Qb2+ 26. Ka4 Qc2+ 27. Kb5
Rb8+ 28. Kxc5 Qd3 29. Qc7+ Nd7+ 0-1

[Event "33rd Zalakaros Open 2014"]
[Site "Zalakaros HUN"]
[Date "2014.05.29"]
[Round "7.17"]
[White "Romanishin, Oleg M"]
[Black "Radnai, Adam"]
[Result "1-0"]
[WhiteTitle "GM"]
[BlackTitle "FM"]
[WhiteElo "2482"]
[BlackElo "2329"]
[WhiteFideId "14100088"]
[BlackFideId "726702"]
[EventDate "2014.05.23"]

1. Nf3 g6 2. g3 Bg7 3. d4 Nf6 4. Bg2 d6 5. O-O O-O 6. a4 a5 7. Nc3 Nbd7 8. b3 d5
9. Bb2 c6 10. Re1 Qc7 11. e4 dxe4 12. Nxe4 Nxe4 13. Rxe4 Nf6 14. Re1 Bf5 15. Ne5
Nd7 16. Nc4 Rfe8 17. Qd2 e5 18. d5 cxd5 19. Qxd5 Nc5 20. Qd6 Rec8 21. Bxe5 Bxe5
22. Rxe5 Ra6 23. Re8+ Kg7 24. Qf8+ Kf6 25. Qh8+ Kg5 26. h4+ Kh6 27. Qf8+ Kh5 28.
Bf3+ Bg4 29. Rxc8 1-0

[Event "33rd Zalakaros Open 2014"]
[Site "Zalakaros HUN"]
[Date "2014.05.29"]
[Round "7.18"]
[White "Petenyi, Tamas"]
[Black "To, Nhat Minh"]
[Result "1/2-1/2"]
[WhiteTitle "IM"]
[BlackTitle "IM"]
[WhiteElo "2448"]
[BlackElo "2329"]
[WhiteFideId "14909090"]
[BlackFideId "729019"]
[EventDate "2014.05.23"]

1. e4 e5 2. Nf3 Nc6 3. Bb5 Nf6 4. d3 Bc5 5. c3 O-O 6. Bg5 h6 7. Bh4 d6 8. Nbd2
a6 9. Bxc6 bxc6 10. Qc2 Re8 11. O-O g5 12. Bg3 Ba7 13. Nc4 Nh5 14. Ne3 Qe7 15.
Rae1 f6 16. Qa4 Bxe3 17. Rxe3 Bd7 18. Nd2 1/2-1/2